| 000 | 01366nam a2200337 i 4500 | ||
|---|---|---|---|
| 003 | EG-GICUC | ||
| 005 | 20260121101531.0 | ||
| 008 | 251222s2008 ua ||||fr|||| 000 0 ara d | ||
| 017 | _a2008/3117 | ||
| 020 | _a977-379-049-7 | ||
| 040 |
_a EG-GICUC _bara _c EG-GICUC _d EG-GICUC _erda |
||
| 041 | 0 | _aara | |
| 082 | 0 | 4 |
_221 _a345.452 _bه ش . م |
| 092 | 0 | 4 | _221 |
| 099 | _aLaw1 07 345.452 ه ش . م 1 ed - 2008 | ||
| 100 | 0 |
_aهشام محمد توفيق _eمؤلف. |
|
| 245 | 1 | 2 |
_aالمسئولية الإشرافية : _bبين الفاعلية والضمان ( دراسة مقارنة) للنظام اللاتيني والنظام الأنجلوسكسوني ونظام هيئة الشرطة في مصر / _cالدكتور هشام محمد توفيق. |
| 250 | _aالطبعة الاولى | ||
| 264 | 1 |
_aالإسكندرية : _bدار الفكر الجامعى، _c2008. |
|
| 300 |
_a634 صفحة ؛ _c24 سم. |
||
| 336 |
_2rda content _atext |
||
| 337 |
_2rda media _aComputer |
||
| 338 |
_2rda carrier _aOnline Resource |
||
| 504 | _a. 613-627 ببليوجرافيا: صفحات | ||
| 546 | _aالنص باللغة العربية | ||
| 650 | 1 | 4 | _aتأديب رجال الشرطة |
| 650 | 1 | 4 | _aالقانون الإدارى |
| 856 | 4 | 0 | _uhttps://fll.law.cu.edu.eg/fulltext/bks/B07-01511.pdf |
| 905 |
_a77 _eEman |
||
| 942 |
_2ddc _cBK _e21 _n0 |
||
| 999 |
_c52102 _d52102 |
||